000
00214 a2200097 4500
001
52654
100
_a
Shooman M L
245
_a
Software Engineering
260
_a
New York
_b
McGraw Hill
_c
090
_c
33124
_d
33124
942
_a
NUST-CAE
_c
M
_c
25697
999
_c
287727
_d
287727